Equal Rights Amendment : hearings before the United States Senate Committee on the Judiciary, Seventieth Congress, second session, on Feb. 1, 1929.

Considers (70) S.J. Res. 64.

Bibliographic Details
Corporate Authors: United States. Congress. Senate. Committee on the Judiciary, ProQuest (Firm)
Format: Government Document eBook
Language:English
Published: Washington : U.S. G.P.O., 1929.
Series:U.S. Congressional Hearings.
Subjects:
Online Access:Connect to the full text of this electronic book

MARC

Tag First Indicator Second Indicator Subfields
LEADER 00000cam a22000001a 4500
001 in00003176830
006 m d f
007 cr bn mmmapmmp
008 090613s1929 dcu o f000 0 eng d
005 20260504204643.1
035 |a cis2007411906 
040 |a UMI  |c UMI  |d UtOrBLW 
043 |a n-us--- 
086 0 |a Y 4.J 89/2:Eq 2 
099 |a HRG-1929-SJS-0001 
110 1 |a United States.  |b Congress.  |b Senate.  |b Committee on the Judiciary. 
245 1 0 |a Equal Rights Amendment :  |b hearings before the United States Senate Committee on the Judiciary, Seventieth Congress, second session, on Feb. 1, 1929. 
264 1 |a Washington :  |b U.S. G.P.O.,  |c 1929. 
300 |a 1 online resource. 
336 |a text  |b txt  |2 rdacontent 
337 |a computer  |b c  |2 rdamedia 
338 |a online resource  |b cr  |2 rdacarrier 
500 |a Record is based on bibliographic data in ProQuest Congressional Hearings Digital Collection. Reuse except for individual research requires license from ProQuest, LLC. 
520 |a Considers (70) S.J. Res. 64. 
538 |a System requirements: PDF reader software. 
500 |a Electronic resource. 
650 0 |a Equal rights amendments  |z United States. 
655 7 |a Electronic books.  |2 local 
710 2 |a ProQuest (Firm) 
776 0 8 |i Print version:  |a United States. Congress. Senate. Committee on the Judiciary.  |t Equal Rights Amendment 
776 0 8 |i Microfiche version:  |a United States. Congress. Senate. Committee on the Judiciary.  |t Equal Rights Amendment.  |d [Bethesda, Md.] : ProQuest,[2004]  |o CIS Hrgs MF Gp 1--S315-8  |w (ProQuest)cis10305080 
830 0 |a U.S. Congressional Hearings. 
856 4 0 |u http://proxy.library.tamu.edu/login?url=https://congressional.proquest.com/congcomp/getdoc?HEARING-ID=HRG-1929-SJS-0001  |z Connect to the full text of this electronic book  |t 0 
998 |a cis10305080 
999 |a MARS 
999 f f |s 35ec0ceb-260f-3221-b11a-4e2e31834fa5  |i 4f1512cb-0d09-384d-a285-d843e925896e  |t 0 
952 f f |a Texas A&M University  |b College Station  |c Electronic Resources  |s www_evans  |d Available Online  |t 0  |e HRG-1929-SJS-0001  |h Other scheme 
998 f f |a HRG-1929-SJS-0001  |t 0  |l Available Online